000 00184 a2200097 4500
020 _a9780394815961
041 _aspa
100 _aAnonimo
245 _aAre you my mother
942 _cBK
999 _c16362
_d16362